000 004260000a22001810004500
003 MACL
005 20150826130438.0
008 150826b xxu||||| |||| 00| 0 eng d
040 _aMACL
_cMACL
041 _aEnglish
082 _a784/DEV
100 _aDeva, B. C.
_97512
245 _aMusical Instruments
260 _bNational Book Trust
_c1993
_aNew Delhi
350 _a28
650 _aMusic
_97513
942 _cBK
_k784
_2ddc
999 _c3523
_d3523